000 01088nam a2200253Ia 4500
001 892.4-KOL zv yo (22734)
003 IT-MiSPE
008 171229s9999||||xx |||||||||||||| ||und||
040 _aIT-MiSPE
_cIT-MiSPE
041 _aITALIANO
100 _aZvi Kolitz
240 _a(Originale ebr.)
245 0 _aYossl Rakover si rivolge a Dio
250 _a4a ed.
260 _aMilano
_bAdelphi
_c1999
300 _a91 p.
_c18 cm
490 _aPiccola biblioteca A.
_v393
501 _aEdizioni San Paolo srl - Piazza Soncino, 5 - 20092 CINISELLO BALSAMO (MI) (non commercial uses only) ® Copyright 2018
700 _aAnna Linda Callow
_g(traduzione)
700 _aRosella Carpinella Guarneri
_g(traduzione)
942 _cBK
957 _71
999 _a17200
_bNO
_g Copie: 1
_c355391
_d355391